Caricamento...

Sikshaya: darsanikadhara/

Dettagli Bibliografici
Autore principale: Kishori Raman Jha
Natura: Printed Book
Pubblicazione: Lucknow: Neelam Jha, 2004.
Soggetti:
LEADER 00448nam a22001337a 4500
082 |a S 370  |b KIS/S 
100 |a Kishori Raman Jha 
245 |a Sikshaya:  |b darsanikadhara/  |c by Kishori Raman Jha. 
260 |a Lucknow:  |b Neelam Jha,  |c 2004. 
300 |a 103p. 
650 |a Education 
942 |c BK 
999 |c 60558  |d 60558 
952 |0 0  |1 0  |4 0  |6 S_370_000000000000000_KIS_S  |7 0  |9 83714  |a SSUS  |b SSUS  |c STACKS  |d 2016-05-09  |g 100.00  |o S 370 KIS/S  |p 082271  |r 2016-05-09  |w 2016-05-09  |y BK